Market analysis (Record no. 77453)
[ view plain ]
| 000 -LEADER | |
|---|---|
| fixed length control field | 01175cab a2200193 4500 |
| 001 - CONTROL NUMBER | |
| control field | ##L134318 |
| 008 - FIXED-LENGTH DATA ELEMENTS--GENERAL INFORMATION | |
| fixed length control field | 060726n2006 000 0 eng u |
| 035 ## - SYSTEM CONTROL NUMBER | |
| System control number | (Sirsi) u134318 |
| 041 0# - LANGUAGE CODE | |
| Language code of text/sound track or separate title | eng |
| 110 2# - MAIN ENTRY--CORPORATE NAME | |
| Corporate name or jurisdiction name as entry element | Estates Gazette Interactive |
| 9 (RLIN) | 4921 |
| 245 00 - TITLE STATEMENT | |
| Title | Market analysis |
| Remainder of title | London office database |
| -- | issue 2 April-June 2006 |
| 260 ## - PUBLICATION, DISTRIBUTION, ETC. | |
| Date of publication, distribution, etc. | 2006 |
| 490 #0 - SERIES STATEMENT | |
| Series statement | Estates Gazette |
| Volume/sequential designation | (0629) 22 July 2006, (17) |
| 520 ## - SUMMARY, ETC. | |
| Summary, etc. | A quiet start to the quarter was livened up with some late deals; in the West End, record rents were achieved. As before, financial services companies dominate. The market shows sustained confidence with a positive outlook for the remainder of 2006. This report analyses data derived from EGI's London Office Database (LOD), the online independent research service for those active in the Central London office market. Provides a wide range of statistics, league tables and commentary on agents' market share, market parameters and area activity. Explains what LOD monitors and lists definitions of terms used. Tables and graphs. |
| 590 ## - LOCAL NOTE (RLIN) | |
| Local note | IKA010806 |
| 651 #4 - SUBJECT ADDED ENTRY--GEOGRAPHIC NAME | |
| Geographic name | LONDON |
| 690 ## - LOCAL SUBJECT ADDED ENTRY--TOPICAL TERM (OCLC, RLIN) | |
| Topical term or geographic name as entry element | PROPERTY-COMMERCIAL PROPERTY-OFFICE PROPERTY-OFFICES |
| 942 ## - ADDED ENTRY ELEMENTS (KOHA) | |
| Suppress in OPAC | 0 |
| Withdrawn status | Lost status | Source of classification or shelving scheme | Damaged status | Not for loan | Home library | Current library | Shelving location | Date acquired | Total Checkouts | Full call number | Barcode | Date last seen | Copy number | Price effective from | Koha item type |
|---|---|---|---|---|---|---|---|---|---|---|---|---|---|---|---|
| Dewey Decimal Classification | London | London | Journal article | 26/07/2006 | L134318 | 134318-1001 | 06/08/2019 | 1 | 06/08/2019 | Journal article |